Online
Catalog

Investigación sociológica y vida rural en América Central, México y la Región del Caribe: (Record no. 59685)

MARC details
000 -CABECERA
campo de control de longitud fija 02499nam a2200253 i 4500
003 - IDENTIFICADOR DEL NÚMERO DE CONTROL
campo de control DO-SdBNP
005 - FECHA Y HORA DE LA ÚLTIMA TRANSACCIÓN
campo de control 20250730140130.0
007 - CAMPO FIJO DE DESCRIPCIÓN FÍSICA--INFORMACIÓN GENERAL
campo de control de longitud fija ta
008 - DATOS DE LONGITUD FIJA--INFORMACIÓN GENERAL
campo de control de longitud fija 250730s1966 mx 000 0 spa d
040 ## - FUENTE DE LA CATALOGACIÓN
Centro catalogador/agencia de origen DO-SdBNP
Lengua de catalogación spa
Centro/agencia transcriptor BNPHU
Normas de descripción rda
041 ## - CÓDIGO DE LENGUA
Código de lengua del texto/banda sonora o título independiente spa
082 ## - NÚMERO DE LA CLASIFICACIÓN DECIMAL DEWEY
Número de clasificación xxx
Número de documento/Ítem I62
Número de edición 22
245 00 - MENCIÓN DE TÍTULO
Título Investigación sociológica y vida rural en América Central, México y la Región del Caribe:
Resto del título actas del Seminario organizado por la Unesco en cooperación con la Comisión Económica de las Naciones Unidas para América Latina (México D.F., 17-27 de octubre de 1962) /
Mención de responsabilidad, etc. edición, Egbert de Vries, P. González Casanova
264 ## - PRODUCCIÓN, PUBLICACIÓN, DISTRIBUCIÓN, FABRICACIÓN Y COPYRIGHT
Producción, publicación, distribución, fabricación y copyright México :
Nombre del de productor, editor, distribuidor, fabricante Unesco,
Fecha de producción, publicación, distribución, fabricación o copyright 1966.
300 ## - DESCRIPCIÓN FÍSICA
Extensión 269 páginas ;
Dimensiones 21 cm.
336 ## - TIPO DE CONTENIDO
Término de tipo de contenido texto
Código de tipo de contenido txt
Fuente rdacontent
337 ## - TIPO DE MEDIO
Nombre/término del tipo de medio sin mediación
Código del tipo de medio n
Fuente rdamedia
338 ## - TIPO DE SOPORTE
Nombre/término del tipo de soporte volumen
Código del tipo de soporte nc
Fuente rdacarrier
500 ## - NOTA GENERAL
Nota general Lista de participantes.
520 ## - SUMARIO, ETC.
Sumario, etc. El texto aborda la investigación sociológica y la vida rural en América Central, México y la región del Caribe, centrándose en las dinámicas sociales, económicas y culturales que configuran las comunidades rurales de estas áreas. Se discutieron temas como la migración interna y externa, la transformación de las estructuras agrarias, la influencia de las políticas públicas en el desarrollo rural y la preservación de las identidades culturales en un contexto de modernización y globalización. Los participantes analizaron cómo las comunidades rurales enfrentan desafíos relacionados con la pobreza, el acceso limitado a servicios básicos y la necesidad de diversificar sus economías para mejorar su calidad de vida. Se enfatizó la importancia de la participación comunitaria y el fortalecimiento de las organizaciones locales como mecanismos para promover el desarrollo sostenible y equitativo en las zonas rurales. Además, se destacó la relevancia de la investigación sociológica para comprender las particularidades de estas comunidades y diseñar políticas que respondan a sus necesidades específicas, reconociendo la diversidad cultural y social que caracteriza a la región. El seminario concluyó con recomendaciones orientadas a fomentar la colaboración entre instituciones académicas, organizaciones no gubernamentales y entidades gubernamentales para impulsar proyectos de investigación y desarrollo que contribuyan al bienestar de las poblaciones rurales en América Central, México y el Caribe.RAR
590 ## - NOTA LOCAL (RLIN)
Nota local Inventariado, 2025/ YL
910 ## - DATOS DE OPCIÓN DEL USUARIO (OCLC)
Datos de opción del usuario Ylockward
942 ## - ELEMENTOS DE PUNTO DE ACCESO ADICIONAL (KOHA)
Fuente del sistema de clasificación o colocación Dewey Decimal Classification
Tipo de ítem Koha Libro
Holdings
Estado de retiro Estado de pérdida Fuente del sistema de clasificación o colocación Restricciones de uso No para préstamo Código de colección Localización permanente Ubicación/localización actual Ubicación en estantería Fecha de adquisición Fuente de adquisición Total de préstamos Signatura topográfica completa Código de barras Fecha visto por última vez Precio válido a partir de Tipo de ítem Koha
    Dewey Decimal Classification Préstamo en sala   General Biblioteca Nacional Pedro Henríquez Ureña Biblioteca Nacional Pedro Henríquez Ureña En catalogación 26.09.2023 Donado por Bienvenido Brito   BNPHU PD xxx I62 2025-7604 30.07.2025 30.07.2025 Libro

Powered by Koha